Districts of the British Virgin Islands with a map - Statistics

General Stats
  • This quiz has been taken 49 times
  • The average score is 3 of 5
Answers on the Map
Answers color-coded by a green-red scale on the quiz's map according to % correct below.
 
Answer Stats
Answer % Correct
Virgin Gorda
83%
Tortola
75%
Anegada
58%
Jost Van Dyke
42%
Southern Islands
33%
No matching quizzes found
Score Distribution
Percent of People with Each Score
Percentile by Number Answered
Your Score History
You have not taken this quiz